The strangler vine #1/ M.J. Carter.
Available copies
- 1 of 1 copy available at LARL/NWRL Consortium.
- 1 of 1 copy available at Lake Agassiz Regional Library. (Show preferred library)
Current holds
1 current hold with 1 total copy.
View other formats and editions
Show Only Available Copies
| Location | Call Number / Copy Notes | Barcode | Shelving Location | Status | Due Date |
|---|---|---|---|---|---|
| Moorhead Public Library | CAR (Text) | 33500012036422 | Main | Available | - |
Record details
- ISBN: 9780399171673
- ISBN: 0399171673
- Physical Description: xiii, 369 pages : maps ; 24 cm
- Edition: First U.S. edition.
- Publisher: New York : G.P. Putnam's Sons, 2015.
Content descriptions
| General Note: | "A novel"--Jacket. Originally published: United Kingdom : Fig Tree, 2014. Maps on lining papers. |
| Bibliography, etc. Note: | Includes bibliographical references. |
| Summary, etc.: | "India, 1837. William Avery is a young soldier ... Read More |
Search for related items by subject
| Genre: | Historical fiction. Mystery fiction. Fiction. |
Search for related items by series
| LDR | 02562cam a2200541 i 4500 | ||
|---|---|---|---|
| 001 | 172651 | ||
| 003 | LARL_NWRL_CONSORTIUM | ||
| 005 | 20150407131236.0 | ||
| 008 | 140718r20152014nyub b 000 1 eng | ||
| 010 | . | ‡a2014017351 | |
| 019 | . | ‡a897424032 | |
| 020 | . | ‡a9780399171673 ‡q(hardback) | |
| 020 | . | ‡a0399171673 ‡q(hardback) | |
| 035 | . | ‡a(OCoLC)884139219 ‡z(OCoLC)897424032 | |
| 040 | . | ‡aDLC ‡beng ‡erda ‡cDLC ‡dIG# ‡dUPZ ‡dOCLCF ‡dOCLCO ‡dRB0 ‡dJP3 | |
| 043 | . | ‡aa-ii--- | |
| 050 | 0 | 0. | ‡aPR6103.A7735 ‡bS77 2015 |
| 082 | 0 | 0. | ‡a823/.92 ‡223 |
| 100 | 1 | . | ‡aCarter, Miranda, ‡d1965- ‡eauthor. ‡0(LARL_NWRL_CONSORTIUM)189332 |
| 245 | 1 | 4. | ‡aThe strangler vine ‡n#1/ ‡cM.J. Carter. |
| 250 | . | ‡aFirst U.S. edition. | |
| 260 | . | ‡aNew York : ‡bG.P. Putnam's Sons, ‡c2015. | |
| 300 | . | ‡axiii, 369 pages : ‡bmaps ; ‡c24 cm | |
| 336 | . | ‡atext ‡2rdacontent | |
| 337 | . | ‡aunmediated ‡2rdamedia | |
| 338 | . | ‡avolume ‡2rdacarrier | |
| 490 | 0 | . | ‡aAvery & Blake ; ‡v1 |
| 500 | . | ‡a"A novel"--Jacket. | |
| 500 | . | ‡aOriginally published: United Kingdom : Fig Tree, 2014. | |
| 500 | . | ‡aMaps on lining papers. | |
| 520 | . | ‡a"India, 1837. William Avery is a young soldier with few prospects except rotting away in campaigns in India; Jeremiah Blake is a secret political agent gone native, a genius at languages and disguises, disenchanted with the whole ethos of British rule, but who cannot resist the challenge of an unresolved mystery. What starts as a wild goose chase for this unlikely pair--trying to track down a missing writer who lifts the lid on Calcutta society--becomes very much more sinister as Blake and Avery get sucked into the mysterious Thuggee cult and its even more ominous suppression"--Dust jacket flap. | |
| 504 | . | ‡aIncludes bibliographical references. | |
| 650 | 0. | ‡aBritish ‡zIndia ‡vFiction. ‡0(LARL_NWRL_CONSORTIUM)163753 | |
| 650 | 0. | ‡aMissing persons ‡vFiction. ‡0(LARL_NWRL_CONSORTIUM)165976 | |
| 650 | 0. | ‡aCults ‡vFiction. ‡0(LARL_NWRL_CONSORTIUM)164393 | |
| 610 | 2 | 0. | ‡aEast India Company ‡vFiction. |
| 651 | 0. | ‡aIndia ‡xHistory ‡yBritish occupation, 1765-1947 ‡vFiction. ‡0(LARL_NWRL_CONSORTIUM)168521 | |
| 610 | 2 | 7. | ‡aEast India Company. ‡2fast ‡0(LARL_NWRL_CONSORTIUM)152992 |
| 650 | 7. | ‡aMissing persons. ‡2fast ‡0(LARL_NWRL_CONSORTIUM)25890 | |
| 655 | 0. | ‡aHistorical fiction. | |
| 655 | 7. | ‡aMystery fiction. ‡2gsafd | |
| 655 | 7. | ‡aFiction. ‡2fast | |
| 948 | . | ‡hHELD BY LAL - 325 OTHER HOLDINGS | |
| 994 | . | ‡aZ0 ‡bLAL | |
| 901 | . | ‡a172651 ‡bOCLC ‡c172651 ‡tbiblio | |

Add to basket
Permalink
Disable Highlighting